| 000 | 00949nam a2200253 a 4500 | ||
|---|---|---|---|
| 001 | 000005833 | ||
| 003 | DO-SdBNP | ||
| 005 | 20260527074041.0 | ||
| 008 | 090824s2009 dr 000 0 spa d | ||
| 020 | _a9789945001969 | ||
| 040 |
_aDO-SdBNP _bspa _cBNPHU |
||
| 082 |
_a320.97293 _bN162v |
||
| 100 | 1 |
_aNajri, José Antonio, _d1948- _99414 |
|
| 245 | 1 | 3 |
_aLa visión política de un empresario : _bpasado, presente y futuro del PRD / _cJosé Antonio Najri. |
| 260 |
_aSanto Domingo : _bBúho, _c2009. |
||
| 300 |
_a750 p. ; _c23 cm. |
||
| 500 | _aIncluye datos biográficos del autor en la solapa de la cubierta | ||
| 590 | _aInventariado, 2018/LP | ||
| 610 | 2 | 0 |
_aPartido Revolucionario Dominicano _95214 |
| 650 | 0 |
_aPartidos políticos _zRepública Dominicana _9285 |
|
| 651 | 4 |
_aRepública Dominicana _xPolítica Y Gobierno _xEnsayos, Conferencias, Etc. _xDiscursos _916477 |
|
| 910 | _aValidado. Control de calidad MMOLINA | ||
| 942 |
_2ddc _cLBS1 |
||
| 999 |
_c5629 _d5629 |
||